000 01268cam a22003857i 4500
999 _c3876
_d3876
001 17289705
003 GZU
005 20210310105703.0
008 120508s2012 cau b 001 0 eng
010 _a 2012939245
020 _a9781446249703 (hbk.)
020 _a1446249700 (hbk.)
020 _a9781446249710 (pbk.)
020 _a1446249719 (pbk.)
040 _aDLC
_beng
_erda
_cDLC
_dDLC
041 1 _aeng
_hger
050 0 0 _aP302
_b.KEL 2013
100 1 _aKeller, Reiner,
_d1962-
_eauthor.
240 1 0 _aDiskursforschung.
_lEnglish
245 1 0 _aDoing discourse research :
_ban introduction for social scientists /
_cReiner Keller.
264 1 _aLos Angeles :
_bSAGE,
_c2012.
300 _avi, 162 pages ;
_c25 cm
336 _atext
_btxt
_2rdacontent
337 _aunmediated
_bn
_2rdamedia
338 _avolume
_bnc
_2rdacarrier
500 _aTranslation of: Diskursforschung.
500 _aMinimal Level Cataloging Plus.
_5DLC
504 _aIncludes bibliographical references and index.
650 0 _aKnowledge, Sociology of.
650 0 _aDiscourse analysis.
906 _a7
_bcbc
_corignew
_d4
_encip
_f20
_gy-gencatlg
942 _2lcc
_cBK
_h302
_iKEL
_kP